La formación romana del concepto de propiedad: dominium, propietas y causa possessionis

Saved in:
Bibliographic Details
Main Author: Fuenteseca Degenefee, Margarita (Author)
Format: Book
Language:Spanish
Published: Madrid Dykinson 2004
Subjects:
Tags: Add Tag
No Tags, Be the first to tag this record!

MARC

LEADER 00000nam a2200000 a 4500
001 UCK8920
003 CL-VaPUC
008 060407e20040000SP |||||||||||||||||spa|d
020 |a 8497723953 
082 0 4 |a 340.54  |b FUE  |2 21 
100 0 |a Fuenteseca Degenefee, Margarita  |e author  |9 498668 
245 1 3 |a La formación romana del concepto de propiedad: dominium, propietas y causa possessionis 
300 |a 250 p 
942 |c BK 
945 |d 20060407 00:00:00  |a jtorresc 
260 |a Madrid  |b Dykinson  |c 2004 
650 0 |a Derecho romano  |9 255930 
650 0 |a Propiedad   |9 255268 
583 |a last modification  |c 20060407 00:00:00  |k Rodrigo Vera 
999 |c 316321  |d 316319 
952 |0 0  |1 0  |4 0  |6 340_540000000000000_FUE_2004  |7 0  |8 DER_ROM  |9 390608  |a BIBDER  |b BIBDER  |d 2019-11-22  |i 4215192  |o 340.54 FUE 2004  |p 4215192  |r 2023-01-25  |w 2019-11-22  |x Ubicación 4to piso  |y BK  |z Este recurso debe solicitarse con anticipación  |k DER